000 01272nam a2200229Ia 4500
001 L208-3001
003 IT-CnALBA
008 170116s9999||||xx |||||||||||||| ||und||
040 _aIT-CnALBA
_cIT-CnALBA
041 _aLATINO
100 _aCRISOSTOMO GIOVANNI, SANTO, DOTT.
245 0 _aCOLLECTIO SS. ECCLESIAE PATRUM. TOMUS XCIII. S. JOANNES CHRYSOSTOMUS. TOMUS XXIV.
250 _a1a ed.
260 _a PARISIIS
_bPARENT-DESBARRES EDITOR
_c1838 [1° Ed.:1838 - Ed.Ling.Originale: 1838]
300 _a590 p.
500 _aCURATORI CAILLAU A. E GUILLON M. INDICE GENERALE. LETTERE A PAPA INNOCENZO. RISPOSTE DEL PAPA INNOCENZO AL CRISOSTOMO. LETTERE ALL'IMPERATORE SUI SORPRUSI NELLE CHIESE DI COSTANTINOPOLI. LETTERE AI VESCOVI E SACERDOTI CONDANNATI ALLA PRIGIONIA. LETTERE A
501 _aSocietà San Paolo EM - Piazza San Paolo, 14 - 12051 ALBA (CN) (non commercial uses only) ® Copyright 2017
520 _aCURATORI CAILLAU A. E GUILLON M. INDICE GENERALE. LETTERE A PAPA INNOCENZO. RISPOSTE DEL PAPA INNOCENZO AL CRISOSTOMO. LETTERE ALL'IMPERATORE SUI SORPRUSI NELLE CHIESE DI COSTANTINOPOLI. LETTERE AI VESCOVI E SACERDOTI CONDANNATI ALLA PRIGIONIA. LETTERE A
650 _aPADRI E SCRITTORI ECCLESIASTICI
942 _cBK
957 _71
999 _a3981
_bSI
_g Copie: 1
_c262189
_d262189